|
|
|
|
| LEADER |
00000nam0a2200000 4500 |
| 001 |
331365 |
| 005 |
20231102004341.0 |
| 035 |
|
|
|a (RuTPU)RU\TPU\book\357186
|
| 035 |
|
|
|a RU\TPU\book\357185
|
| 090 |
|
|
|a 331365
|
| 100 |
|
|
|a 20170421d1979 k y0rusy5003 ca
|
| 101 |
0 |
|
|a rus
|
| 102 |
|
|
|a RU
|
| 105 |
|
|
|a a z 001zy
|
| 200 |
1 |
|
|a Освоение головного энергетического блока мощностью 800 МВт Запорожской ГРЭС
|e [сборник научных трудов]
|f Научно-производственное объединение по исследованию и проектированию энергетического оборудования им. И. И. Ползунова (НПО ЦКТИ) ; под ред. Н. М. Маркова ; А. Г. Прокопенко
|
| 210 |
|
|
|a Ленинград
|c Изд-во НПО ЦКТИ
|d 1979
|
| 215 |
|
|
|a 98, 5 с.
|c ил.
|
| 225 |
1 |
|
|a Труды ЦКТИ
|v Вып. 166
|
| 320 |
|
|
|a Библиогр. в конце ст.
|
| 606 |
|
|
|a ГРЭС
|2 stltpush
|3 (RuTPU)RU\TPU\subj\8884
|9 36209
|
| 610 |
1 |
|
|a моноблоки
|
| 610 |
1 |
|
|a энергоблоки
|
| 610 |
1 |
|
|a пусковые схемы
|
| 610 |
1 |
|
|a технологическое оборудование
|
| 610 |
1 |
|
|a топливное хозяйство
|
| 610 |
1 |
|
|a сточные воды
|
| 675 |
|
|
|a 621.311.22
|z rus
|v 3
|
| 702 |
|
1 |
|a Марков
|b Н. М.
|4 340
|
| 702 |
|
1 |
|a Прокопенко
|b А. Г.
|4 340
|
| 712 |
0 |
2 |
|a Научно-производственное объединение по исследованию и проектированию энергетического оборудования им. И. И. Ползунова (НПО ЦКТИ)
|c (Санкт-Петербург)
|c (1994- )
|2 stltpush
|3 (RuTPU)RU\TPU\col\311
|
| 801 |
|
0 |
|a RU
|b 63413507
|c 19950417
|g psbo
|
| 801 |
|
1 |
|a RU
|b 63413507
|c 20060211
|g PSBO
|
| 801 |
|
2 |
|a RU
|b 63413507
|c 20170426
|g PSBO
|
| 942 |
|
|
|c BK
|